00260nam a2200121Ia 4500100001000000250000600010654001600016245005000032260002800082082000800110300000800118546001200126 aNone  a3 amathematics aModel Solutions for Applied Mathematics II bNandu PubaLondonc1998 a519 a250 aENGLISH